000 00648nam a2200121Ia 4500
008 220615s9999||||xx |||||||||||||| ||und||
100 _aPhilliber, William W.||Obermiller, Phillip J.
245 0 _aToo Few Tomorrows
_bUrban Appalachians in the 1980's
546 _aEnglish[eng]
650 _aHistory||United States||State & Local||South (al, Ar, Fl, Ga, Ky, La, Ms, Nc, Sc, Tn, Va, Wv)
856 _uhttps://library.oapen.org/bitstream/20.500.12657/47609/1/external_content.pdf||https://library.oapen.org/bitstream/20.500.12657/47609/1/external_content.pdf||https://library.oapen.org/bitstream/20.500.12657/47609/1/external_content.pdf
942 _cEB
999 _c11123
_d11123